[Event "Druzynowe Mistrzostwa Polski Juniorow 2018 - II Liga"]
[Site "Szczyrk"]
[Date "1899-12-30"]
[Round "8.47"]
[White "Mysliwiec, Natalia"]
[Black "Filipska, Maja"]
[Result "0-1"]
[WhiteTitle "I"]
[BlackTitle "I++"]
[WhiteElo "1377"]
[BlackElo "1569"]

1. d4 Nf6 2. Bf4 d6 3. Nf3 g6 4. e3 Bg7 5. h3 Nbd7 6. Be2 O-O 7. O-O c5 8. c3 Qc7
9. Nbd2 a6 10. a4 b6 11. Rc1 Bb7 12. b4 Rac8 13. b5 axb5 14. Bxb5 Bc6 15. Qb3
Bxb5 16. Qxb5 Ra8 17. Nc4 Qa7 18. Nb2 Rfc8 19. Bh2 Rc7 20. Ra1 Ne4 21. Rfc1 Qb7
22. Nc4 Rac8 23. Ne1 cxd4 24. cxd4 Nd2 25. Bxd6 Rxc4 26. Rxc4 Nxc4 27. Bxe7 Qc6
28. Qxc6 Rxc6 29. d5 Rc8 30. Rc1 Bf8 31. Bxf8 Kxf8 32. Nd3 Nd6 33. Rc6 Rxc6 34.
dxc6 Nb8 35. Nb4 Ke8 36. Nd5 Nxc6 37. Nxb6 Nb4 38. Kf1 Kd8 39. a5 Kc7 40. Ke2
Kc6 41. Kd2 Kb5 42. Kc3 Kxa5 43. Nc4+ Nxc4 44. Kxc4 f6 45. e4 Na2 46. Kd4 Kb5
47. e5 fxe5+ 48. Kxe5 Kc6 49. Kf6 Kd6 50. Kg7 Ke6 51. Kxh7 Kf6 52. Kh6 Nc3 53.
h4 Ne4 54. f3 Ng3 55. Kh7 Nf5 56. h5 gxh5 57. f4 h4 58. Kg8 Ne3 59. Kh7 Nxg2 60.
Kg8 h3 61. f5 h2 62. Kf8 Qh1 63. Ke8 Qh7 64. Kd8 Qb7 65. Ke8 Qc8# 0-1

[Event "Druzynowe Mistrzostwa Polski Juniorow 2018 - II Liga"]
[Site "Szczyrk"]
[Date "1899-12-30"]
[Round "8.48"]
[White "Skolska, Emilia"]
[Black "Pudelko, Magdalena"]
[Result "1/2-1/2"]
[WhiteTitle "I"]
[BlackTitle "I"]
[WhiteElo "1157"]
[BlackElo "1358"]

1. e4 d5 2. exd5 Qxd5 3. Nc3 Qa5 4. d4 Nf6 5. Bc4 Bf5 6. Nf3 e6 7. O-O Bb4 8. Ne2
c6 9. c3 Bd6 10. Ng3 Bg6 11. Re1 O-O 12. Qb3 Bxg3 13. hxg3 Qb6 14. Qxb6 axb6 15.
Bf4 Nbd7 16. Ne5 Nxe5 17. Bxe5 Nd5 18. Bxd5 exd5 19. Bc7 b5 20. Re7 Rfe8 21. Rae1
f6 22. Rxe8+ Rxe8 23. Rxe8+ Bxe8 24. Kf1 Kf7 25. Ke2 Ke6 26. Kd2 Bg6 27. b3 Bf5
28. f3 g5 29. g4 Bg6 30. Ke3 f5 31. gxf5+ Kxf5 32. Be5 h5 33. Kd2 g4 34. fxg4+
Kxg4 35. g3 Kf3 36. Kc1 Ke3 37. Kb2 Kd3 38. a4 bxa4 39. bxa4 Kc4 40. Bd6 Bf5 41.
Bb4 Bg4 42. Kc2 Bf5+ 43. Kd2 Bg4 44. Ke3 Bd1 45. a5 Bg4 46. Kf4 Bd1 47. Ke5 Kb5
48. Kd6 Be2 49. Kc7 Ka6 50. Kd7 1/2-1/2

[Event "Druzynowe Mistrzostwa Polski Juniorow 2018 - II Liga"]
[Site "Szczyrk"]
[Date "1899-12-30"]
[Round "8.49"]
[White "Kus, Aleksander"]
[Black "Kawalko, Adam"]
[Result "0-1"]
[WhiteTitle "k"]
[BlackTitle "I"]
[WhiteElo "1934"]
[BlackElo "1751"]

1. d4 Nf6 2. Bf4 g6 3. Nc3 d5 4. e3 Bg7 5. h4 h5 6. Nb5 Na6 7. Nf3 O-O 8. c4 c6
9. Nc3 Nc7 10. Qb3 dxc4 11. Bxc4 Ncd5 12. Bh2 Nb6 13. Bd3 Be6 14. Qc2 Ng4 15.
Bg3 Bc4 16. O-O Bxd3 17. Qxd3 e5 18. Rfd1 exd4 19. Nxd4 Qe7 20. Qc2 Rfd8 21. Nf3
Rxd1+ 22. Rxd1 Rd8 23. Rxd8+ Qxd8 24. Ne4 Qd5 25. b3 Ne5 26. Nd4 Nbd7 27. f3 Bh6
28. Bf2 f5 29. Nc3 Qf7 30. Qd2 Qe7 31. Nde2 Kh7 32. Qd4 Bg7 33. Qxa7 Nd3 34. g3
Nxf2 35. Kxf2 Nc5 36. Na4 Nd3+ 37. Kg2 c5 38. Nf4 Nxf4+ 39. gxf4 Qxe3 40. Qxc5
Bd4 41. Qc2 Qg1+ 42. Kh3 Bf2 43. Qc7+ Kh6 0-1

[Event "Druzynowe Mistrzostwa Polski Juniorow 2018 - II Liga"]
[Site "Szczyrk"]
[Date "1899-12-30"]
[Round "8.50"]
[White "Dytman, Radoslaw"]
[Black "Nowak, Patrycja"]
[Result "1-0"]
[WhiteTitle "I"]
[BlackTitle "II"]
[WhiteElo "1728"]
[BlackElo "1160"]

1. e4 c6 2. d4 d5 3. Nc3 dxe4 4. Nxe4 Bf5 5. Ng3 Bg6 6. h4 h6 7. Nh3 e6 8. Nf4
Bh7 9. Bc4 Nf6 10. c3 Bd6 11. Nfh5 Nxh5 12. Nxh5 O-O 13. Qg4 Bg6 14. Be3 Nd7 15.
Bd3 Nf6 16. Nxf6+ Qxf6 17. O-O-O Bxd3 18. Rxd3 Qg6 19. Qxg6 fxg6 20. Re1 Bf4 21.
Re2 Rae8 22. Kd2 Bxe3+ 23. Rdxe3 Rf6 24. g3 Kf7 25. f4 Ke7 26. Kd3 Kd6 27. Re5
Rf5 28. Ke4 Ref8 29. Kf3 Re8 30. g4 Rxe5 31. Rxe5 Re7 32. Ke4 Rf7 33. c4 Kd7 34.
f5 gxf5+ 35. gxf5 exf5+ 36. Rxf5 Re7+ 37. Kf3 g6 38. Rf6 Re6 39. Rf7+ Re7 40.
Rf6 Re6 41. Rf8 Re8 42. Rf4 Re1 43. Rg4 Re6 44. d5 cxd5 45. cxd5 Rf6+ 46. Ke4
Kd6 47. Kd4 Kd7 48. Ke5 Ke7 49. Re4 Rb6 50. b3 Rd6 51. Rc4 g5 52. hxg5 hxg5 53.
Rg4 Rg6 54. Kf5 Rg7 55. Ke5 Rg6 56. a4 a5 57. b4 b6 58. b5 Rg8 59. d6+ Kd7 60.
Kd5 Rg6 61. Ke5 Re6+ 62. Kf5 Kxd6 63. Kxg5 Kd5 64. Kf5 Re5+ 65. Kf6 Re4 66. Rxe4
Kxe4 67. Ke6 Kd4 68. Kd6 Kc4 69. Kc6 Kb4 70. Kxb6 Kxa4 71. Ka6 Kb4 72. b6 a4 73.
b7 a3 74. Qb8+ Kc3 75. Qb1 Kc4 76. Ka5 1-0

[Event "Druzynowe Mistrzostwa Polski Juniorow 2018 - II Liga"]
[Site "Szczyrk"]
[Date "1899-12-30"]
[Round "8.51"]
[White "Franc, Piotr"]
[Black "Topola, Rafal"]
[Result "0-1"]
[WhiteTitle "II"]
[BlackTitle "I"]
[WhiteElo "1196"]
[BlackElo "1570"]

1. e4 c5 2. Nf3 e6 3. d4 cxd4 4. Nxd4 Nc6 5. Nc3 Qc7 6. Be3 a6 7. Qd2 Nf6 8. f3
b5 9. Bd3 Bb7 10. O-O b4 11. Nce2 d5 12. exd5 Nxd5 13. Nxc6 Nxe3 14. Qxe3 Bxc6
15. Kh1 Be7 16. Be4 O-O 17. Rad1 Rad8 18. Bxc6 Qxc6 19. c3 Qa4 20. Rxd8 Rxd8 21.
cxb4 Qxa2 22. Nd4 Qc4 23. Rd1 Bf6 24. Qc3 Rxd4 25. Rxd4 Qf1# 0-1

[Event "Druzynowe Mistrzostwa Polski Juniorow 2018 - II Liga"]
[Site "Szczyrk"]
[Date "1899-12-30"]
[Round "8.52"]
[White "Jaworski, Tymon"]
[Black "Dopierala, Adam"]
[Result "1/2-1/2"]
[WhiteTitle "II"]
[BlackTitle "II"]
[WhiteElo "1386"]
[BlackElo "1164"]

1. e4 e5 2. c3 d5 3. Nf3 Nc6 4. Bb5 dxe4 5. Nxe5 Qd5 6. Nxc6 bxc6 7. Be2 Nf6 8.
d3 exd3 9. Qxd3 Bf5 10. Qxd5 cxd5 11. Bf4 c5 12. Ba6 Bc8 13. Bxc8 Rxc8 14. O-O
Rc6 15. Re1+ Re6 16. Nd2 Be7 17. Nb3 O-O 18. Re3 Ng4 19. Rg3 Nf6 20. Bg5 Re8 21.
Re3 h6 22. Bxf6 gxf6 23. Rae1 Bd6 24. g3 f5 25. Na5 f4 26. Rxe6 fxe6 27. Nb7 Bf8
28. b3 fxg3 29. hxg3 Kf7 30. f4 Kf6 31. Na5 h5 32. Kf2 Be7 33. Nc6 Rc8 34. Nxe7
Kxe7 35. Rh1 Rh8 36. g4 h4 37. g5 Kf7 38. Kf3 Kg6 39. Kg4 a6 40. Rxh4 Rxh4+ 41.
Kxh4 Kf5 42. Kg3 e5 43. fxe5 Kxg5 44. Kf2 Kf5 45. Ke3 Kxe5 46. Kd3 Kd6 47. b4
cxb4 48. cxb4 Kc6 49. a4 Kc7 50. Kd4 Kd6 51. b5 axb5 52. axb5 Kc7 53. Kxd5 Kb6
54. Kc4 Kb7 55. Kc5 Kc7 56. b6+ Kb7 57. Kb5 Kb8 58. Kb4 Kb7 59. Ka5 Kb8 60. Ka4
Kb7 61. Kb5 Kb8 62. Kc4 Kb7 63. Kc5 Kb8 64. Kc6 Kc8 65. b7+ Kb8 66. Kb6 1/2-1/2

[Event "Druzynowe Mistrzostwa Polski Juniorow 2018 - II Liga"]
[Site "Szczyrk"]
[Date "1899-12-30"]
[Round "8.53"]
[White "Roszkiewicz, Anna"]
[Black "Krzyzosiak, Anna"]
[Result "1/2-1/2"]
[WhiteTitle "I++"]
[BlackTitle "I+"]
[WhiteElo "1666"]
[BlackElo "1552"]

1. e4 c5 2. Nf3 Nc6 3. d4 cxd4 4. Nxd4 g6 5. c4 Bg7 6. Be3 Nf6 7. Nc3 Ng4 8. Qxg4
Nxd4 9. Qd1 Ne6 10. Qd2 Qa5 11. Rc1 b6 12. Be2 Bb7 13. Bf3 Rc8 14. b3 Nc5 15.
Bd4 Bxd4 16. Qxd4 O-O 17. O-O d6 18. Bg4 Rcd8 19. Rfe1 Nd7 20. Nd5 Bxd5 21. exd5
Ne5 22. Re2 Rfe8 23. Bh3 Qc5 24. Qxc5 bxc5 25. Re3 Nd7 26. a3 a5 27. Rce1 Kf8
28. Kf1 Nb6 29. Rc1 Rb8 30. Bg4 Rb7 1/2-1/2

[Event "Druzynowe Mistrzostwa Polski Juniorow 2018 - II Liga"]
[Site "Szczyrk"]
[Date "1899-12-30"]
[Round "8.54"]
[White "Krzyzosiak, Marta"]
[Black "Roszkiewicz, Zofia"]
[Result "1/2-1/2"]
[WhiteTitle "I"]
[BlackTitle "I"]
[WhiteElo "1579"]
[BlackElo "1265"]

1. e4 c5 2. Nf3 Nc6 3. d4 cxd4 4. Nxd4 Nf6 5. Nc3 e5 6. Ndb5 d6 7. Nd5 Nxd5 8.
exd5 Ne7 9. c4 Ng6 10. Bd3 Be7 11. O-O Bd7 12. Nc3 Bg5 13. Ne4 Bxc1 14. Rxc1 Qe7
15. c5 dxc5 16. Nxc5 b6 17. Nxd7 Qxd7 18. Re1 Qxd5 19. Bxg6 Qxd1 20. Bxf7+ Kxf7
21. Rcxd1 Rhe8 22. g3 Re7 23. Re4 Rae8 24. Rde1 Kf6 25. Kg2 Rd8 26. R1e2 Re6 27.
f4 Rde8 28. fxe5+ Rxe5 29. Rxe5 Rxe5 30. Rf2+ Ke6 1/2-1/2

[Event "Druzynowe Mistrzostwa Polski Juniorow 2018 - II Liga"]
[Site "Szczyrk"]
[Date "1899-12-30"]
[Round "8.55"]
[White "Laszczak, Przemyslaw"]
[Black "Miasik, Adrian"]
[Result "1/2-1/2"]
[WhiteTitle "k"]
[BlackTitle "I++"]
[WhiteElo "1990"]
[BlackElo "1918"]

1. d4 d5 2. c4 e6 3. Nf3 c5 4. cxd5 exd5 5. g3 Nf6 6. Bg2 Nc6 7. O-O Be7 8. Nc3
h6 9. Bf4 O-O 10. Be5 Be6 11. dxc5 Nxe5 12. Nxe5 Bxc5 13. Nd3 Bd6 14. e3 Qd7 15.
Ne2 Bf5 16. Ndf4 Bxf4 17. Nxf4 Be4 18. Qd4 Qb5 19. Rfd1 Rfd8 20. Rac1 Rac8 21.
Bxe4 dxe4 22. Qxd8+ Rxd8 23. Rxd8+ Kh7 24. Rf8 Qd7 25. Rfc8 g5 26. R8c7 Qd2 27.
R7c2 Qd7 28. Rc7 Qd2 29. Ne6 Ng4 30. Rxf7+ Kg6 31. Rcc7 Ne5 32. Rg7+ Kh5 33. h3
Qd1+ 34. Kg2 Qf3+ 35. Kg1 Qd1+ 36. Kg2 Qf3+ 37. Kg1 Qd1+ 38. Kg2 1/2-1/2

[Event "Druzynowe Mistrzostwa Polski Juniorow 2018 - II Liga"]
[Site "Szczyrk"]
[Date "1899-12-30"]
[Round "8.56"]
[White "Ciasnocha, Michal"]
[Black "Kaluza, Maksymilian"]
[Result "1-0"]
[WhiteTitle "I"]
[BlackTitle "II"]
[WhiteElo "1723"]
[BlackElo "1357"]

1. d4 Nf6 2. c4 g6 3. Nc3 Bg7 4. e4 d6 5. f3 O-O 6. Be3 Nc6 7. Bd3 e5 8. Nge2 Nd7
9. d5 Ne7 10. g4 f5 11. Qd2 f4 12. Bf2 b6 13. a3 a5 14. Nb5 Ba6 15. Nec3 Nc5 16.
Bc2 Nc8 17. Rb1 Na7 18. Nxa7 Rxa7 19. b4 Nd7 20. Bb3 Ra8 21. h4 h5 22. g5 Kh7
23. Qc2 Rb8 24. O-O Rf7 25. Kh1 Bf8 26. Rg1 Be7 27. Qa2 Kg7 28. c5 Nf8 29. bxa5
bxa5 30. Ba4 Nh7 31. Bc6 Rxb1 32. Qxb1 Qc8 33. Kh2 Bd8 34. Qb2 Kg8 35. Na4 Kg7
36. Nc3 Kg8 37. Nb5 Bxb5 38. Qxb5 Kg7 39. a4 Kg8 40. cxd6 cxd6 41. Be1 Qc7 42.
Bd2 Qa7 43. Rg2 Bxg5 44. hxg5 Nxg5 45. Qe2 Qe7 46. Bxa5 Kg7 47. Be1 Qa7 48. Rxg5
1-0

[Event "Druzynowe Mistrzostwa Polski Juniorow 2018 - II Liga"]
[Site "Szczyrk"]
[Date "1899-12-30"]
[Round "8.57"]
[White "Trybus, Daniel"]
[Black "Babiarz, Arkadiusz"]
[Result "0-1"]
[WhiteTitle "I+"]
[BlackTitle "I++"]
[WhiteElo "1793"]
[BlackElo "1810"]

1. d4 d5 2. c4 dxc4 3. Nc3 a6 4. a4 Nc6 5. e3 Na5 6. Nf3 Nf6 7. Ne5 Be6 8. Be2
g6 9. O-O Bg7 10. Qc2 c5 11. Rd1 Qc7 12. Bd2 cxd4 13. exd4 Nb3 14. Qb1 Nxa1 15.
Qxa1 O-O 16. Bf4 Qa5 17. Qa3 Nd5 18. Nxc4 Nxc3 19. Nxa5 Nxe2+ 20. Kf1 Nxf4 21.
g3 Bh3+ 22. Ke1 Ne6 23. Qe3 Rac8 24. b3 Rfd8 25. Nxb7 Rd7 26. Nc5 Bxd4 27. Rxd4
Nxd4 28. Qh6 Rxc5 29. Qxh3 Nf3+ 30. Ke2 Ng1+ 31. Ke1 0-1

[Event "Druzynowe Mistrzostwa Polski Juniorow 2018 - II Liga"]
[Site "Szczyrk"]
[Date "1899-12-30"]
[Round "8.58"]
[White "Biesiadecki, Adam"]
[Black "Syrkiewicz, Michal"]
[Result "0-1"]
[WhiteTitle "II"]
[BlackTitle "II+"]
[WhiteElo "1415"]
[BlackElo "1799"]

1. d4 d5 2. c4 e6 3. Nf3 c6 4. Nc3 dxc4 5. e4 b5 6. a4 Bb4 7. Bd2 Bb7 8. e5 Bxc3
9. Bxc3 a5 10. b3 b4 11. Bd2 c3 12. Bf4 h6 13. Qc2 Ba6 14. O-O-O Ne7 15. g4 Nd5
16. Be3 Bxf1 17. Rdxf1 Nd7 18. h4 g6 19. Ne1 Rc8 20. Ng2 c5 21. f4 Nxe3 22. Nxe3
cxd4 23. Nc4 Rxc4 24. bxc4 Nc5 25. Qg2 O-O 26. f5 d3 27. fxg6 d2+ 28. Kd1 Qd3
29. gxf7+ Kg7 0-1

[Event "Druzynowe Mistrzostwa Polski Juniorow 2018 - II Liga"]
[Site "Szczyrk"]
[Date "1899-12-30"]
[Round "8.59"]
[White "Nowacka, Dorota"]
[Black "Polak, Sylwia"]
[Result "0-1"]
[WhiteTitle "I"]
[BlackTitle "I"]
[WhiteElo "1279"]
[BlackElo "1519"]

1. d4 d5 2. Bf4 e6 3. Nf3 Nf6 4. e3 c6 5. c4 Bd6 6. Bg3 O-O 7. Nc3 Bxg3 8. hxg3
Nbd7 9. Bd3 dxc4 10. Bxc4 c5 11. Qc2 cxd4 12. Nxd4 a6 13. Rd1 Qc7 14. Bd3 g6 15.
Rh4 b5 16. Ne4 Qxc2 17. Bxc2 Bb7 18. f3 Nxe4 19. Bxe4 Bxe4 20. Rxe4 Nf6 21. Rh4
Rac8 22. e4 Nh5 23. Ne2 Rc2 24. g4 Nf6 25. g5 Ne8 26. Kf2 Kg7 27. Rb1 Nd6 28.
Rd1 Nc8 29. Rb1 Nb6 30. Ke1 Nc4 31. b3 Na3 32. Ra1 Rd8 33. Nf4 e5 34. Nd5 Rxg2
35. Rd1 Rxg5 36. Kf2 Rc8 37. Rdh1 h5 38. Rd1 Rc2+ 39. Ke3 Rgg2 40. Nb4 Rce2+ 41.
Kd3 Nc2 42. Nxc2 Rxc2 43. a4 b4 44. Ke3 Rb2 45. Kd3 Rxb3+ 46. Kc4 Rxf3 47. Kxb4
Rf4 48. Rxf4 exf4 49. Ka5 Ra2 50. e5 f3 51. Rd7 f2 52. e6 Qf1 53. e7 Qb5# 0-1

[Event "Druzynowe Mistrzostwa Polski Juniorow 2018 - II Liga"]
[Site "Szczyrk"]
[Date "1899-12-30"]
[Round "8.60"]
[White "Krzanowska, Liliana"]
[Black "Ziolo, Oliwia"]
[Result "0-1"]
[WhiteTitle "I"]
[BlackTitle "I"]
[WhiteElo "1000"]
[BlackElo "1130"]

1. Nf3 c6 2. d4 g6 3. c4 Bg7 4. e3 d6 5. Nc3 Bg4 6. Be2 Nd7 7. O-O h5 8. h3 Bxf3
9. Bxf3 Nh6 10. e4 O-O 11. Be3 e6 12. Qd2 Kh7 13. Rfd1 f5 14. d5 cxd5 15. exd5
e5 16. Qc1 f4 17. Bd2 Nf6 18. Ne4 Nxe4 19. Bxe4 Nf5 20. Rf1 g5 21. g4 fxg3 22.
fxg3 Kh8 23. Bxf5 Bh6 24. Bb4 Qb6+ 25. Kh2 Qxb4 26. a3 Qb6 27. Rb1 Rf6 28. Bd3
Rf2+ 29. Rxf2 Qxf2+ 30. Kh1 Qf3+ 31. Kh2 Qxd3 32. Qf1 Qc2+ 33. Kh1 Rf8 34. Qe1
Rf2 35. Kg1 Re2 36. Qd1 Rg2+ 37. Kf1 Qf2# 0-1

[Event "Druzynowe Mistrzostwa Polski Juniorow 2018 - II Liga"]
[Site "Szczyrk"]
[Date "1899-12-30"]
[Round "8.61"]
[White "Grzegorski, Michal"]
[Black "Poziomkowski, Szymon"]
[Result "0-1"]
[WhiteTitle "II"]
[BlackTitle "I"]
[WhiteElo "1416"]
[BlackElo "1767"]

1. e4 c5 2. Nf3 e6 3. d4 cxd4 4. Nxd4 a6 5. Nc3 Qc7 6. g3 Nf6 7. Bg2 d6 8. O-O
Nbd7 9. Be3 Rb8 10. a4 b6 11. Qe2 Bb7 12. h3 Be7 13. Kh2 Ne5 14. f4 Nc4 15. Bc1
O-O 16. b3 Na5 17. Bb2 Nc6 18. Nf3 Nd7 19. f5 Bf6 20. Qd2 Nc5 21. Rae1 Rbd8 22.
Ba3 Rc8 23. b4 Nd7 24. Ne2 Nce5 25. Nxe5 Nxe5 26. fxe6 fxe6 27. Nf4 Qd7 28. Bc1
Nc4 29. Qd3 Be5 30. Be3 Nxe3 31. Qxe3 Rxc2 32. Qxb6 g5 33. Nxe6 Rxf1 34. Rxf1
Rxg2+ 35. Kxg2 Bxe4+ 36. Kh2 Qxe6 37. Qd8+ Kg7 38. Qxg5+ Bg6 39. Rf2 Bd4 40. Rc2
Qf7 41. Re2 Be5 42. h4 Qf6 43. Qxf6+ Kxf6 44. Kg2 Ke6 45. Kf3 Kd5 46. g4 Kc4 47.
h5 Bd3 48. Re3 Bc2 49. b5 axb5 50. axb5 Kxb5 51. Kg2 Kc4 52. Kf1 Bd1 53. Re4+
Kd3 54. Rb4 Ke3 55. Rb7 h6 56. Rh7 Bf4 57. Rg7 d5 58. Re7+ Kf3 59. Rd7 Bb3 60.
Rg7 Bc4+ 61. Ke1 d4 62. Ra7 d3 63. Ra4 d2+ 64. Kd1 Bb3# 0-1

[Event "Druzynowe Mistrzostwa Polski Juniorow 2018 - II Liga"]
[Site "Szczyrk"]
[Date "1899-12-30"]
[Round "8.62"]
[White "Fiszer, Bartosz"]
[Black "Jedraszek, Pawel"]
[Result "1-0"]
[WhiteTitle "CM"]
[BlackTitle "I"]
[WhiteElo "2011"]
[BlackElo "1507"]

1. e4 c5 2. Nf3 a6 3. c4 Nc6 4. d4 cxd4 5. Nxd4 Nf6 6. Nc3 e5 7. Nf5 d5 8. cxd5
Bxf5 9. exf5 Nd4 10. Bg5 Be7 11. Bc4 b5 12. Bb3 O-O 13. O-O b4 14. Bxf6 Bxf6 15.
Ne4 Nxf5 16. d6 Nd4 17. Rc1 Kh8 18. Rc7 Rc8 19. Rxf7 Rxf7 20. Bxf7 Qd7 21. Bb3
Qf5 22. Qd3 a5 23. Ba4 h5 24. d7 Rd8 25. Rc1 Be7 26. f3 g5 27. Qa6 Kg7 28. Ng3
Nxf3+ 29. gxf3 Qxf3 30. Qe2 Qd5 31. Nf5+ Kf8 32. Nxe7 Kxe7 33. Qe3 Rxd7 34. Bxd7
Kxd7 35. b3 Ke6 36. Qb6+ Kf5 37. Rf1+ Ke4 38. Qg6+ Ke3 39. Qxg5+ Ke2 40. Qxh5+
Ke3 41. Qg5+ Ke2 42. Qg2+ Qxg2+ 43. Kxg2 Kd3 44. h4 e4 45. h5 e3 46. h6 e2 47.
Re1 Kd2 48. Kf2 a4 49. Rxe2+ Kc3 50. h7 axb3 51. Qh8+ Kc4 52. Re4+ Kd3 53. Qd4+
Kc2 54. Re2+ Kc1 55. Qa1# 1-0

[Event "Druzynowe Mistrzostwa Polski Juniorow 2018 - II Liga"]
[Site "Szczyrk"]
[Date "1899-12-30"]
[Round "8.63"]
[White "Rosinski, Filip"]
[Black "Cwiek, Ryszard"]
[Result "0-1"]
[WhiteTitle "II"]
[BlackTitle "I"]
[WhiteElo "1345"]
[BlackElo "1741"]

1. e4 Nc6 2. d4 e5 3. Nf3 exd4 4. Nxd4 Bc5 5. Be3 Qf6 6. c3 Nge7 7. Be2 O-O 8.
Qd3 Qg6 9. O-O Bb6 10. f4 d5 11. Bf3 Nxd4 12. cxd4 dxe4 13. Bxe4 Bf5 14. Nc3 Rad8
15. Rf3 Bxe4 16. Nxe4 Nf5 17. Rd1 Nxe3 18. Rg3 Nxd1 19. Rxg6 hxg6 20. Qh3 Rxd4
21. Nf6+ gxf6 22. Qh6 Rxf4+ 23. Kh1 Rf1# 0-1

[Event "Druzynowe Mistrzostwa Polski Juniorow 2018 - II Liga"]
[Site "Szczyrk"]
[Date "1899-12-30"]
[Round "8.64"]
[White "Cwiek, Stefan"]
[Black "Wawrzyniak, Karol"]
[Result "1/2-1/2"]
[WhiteTitle "II"]
[BlackTitle "II"]
[WhiteElo "1238"]
[BlackElo "1222"]

1. c4 c5 2. g3 g6 3. Bg2 Bg7 4. d3 e6 5. Qc2 Ne7 6. Bd2 Nbc6 7. Nf3 O-O 8. O-O
d6 9. Bc3 a6 10. Bxg7 Kxg7 11. Nc3 Rb8 12. b3 b5 13. Qb2 e5 14. Nd2 Bf5 15. e4
Be6 16. f4 f6 17. f5 Bd7 18. Nd1 g5 19. Ne3 Nd4 20. Nf3 Nxf3+ 21. Bxf3 Nc6 22.
Qg2 h6 23. Qh3 Rh8 24. Bh5 Ne7 25. Qg4 Be8 26. Bxe8 Qxe8 27. Qf3 h5 28. h3 h4
29. g4 Nc6 30. Nd5 Nd4 31. Qd1 Qd7 32. Qd2 b4 33. Kg2 a5 34. Rfb1 a4 35. Rb2 Ra8
36. Nb6 Qc6 37. Nxa8 a3 1/2-1/2

[Event "Druzynowe Mistrzostwa Polski Juniorow 2018 - II Liga"]
[Site "Szczyrk"]
[Date "1899-12-30"]
[Round "8.65"]
[White "Piotrowska, Florentyna"]
[Black "Szelejewska, Maria"]
[Result "1/2-1/2"]
[WhiteTitle "I"]
[BlackTitle "I"]
[WhiteElo "1259"]
[BlackElo "1184"]

1. e4 c5 2. Nf3 e6 3. d4 cxd4 4. Nxd4 Nf6 5. Nc3 d6 6. Be2 a6 7. O-O Qc7 8. f4
b5 9. a3 Bb7 10. Bf3 Be7 11. Be3 O-O 12. Qd2 Nbd7 13. Rae1 Nb6 14. Qd3 Rac8 15.
Bc1 Nc4 16. Nb1 Ba8 17. c3 Rfd8 18. Qe2 Qc5 19. Kh1 d5 20. e5 Ne4 21. Nb3 Qc7
22. N1d2 Ncxd2 23. Bxd2 Qc4 24. Nd4 Bc5 25. Qxc4 bxc4 26. Bxe4 dxe4 27. Be3 Bd5
28. h3 Rb8 29. Re2 g6 30. Kh2 Re8 31. Rff2 Re7 32. g3 Rb6 33. Rc2 Kg7 34. Nxe6+
Rbxe6 35. Bxc5 Rd7 36. Rcd2 Rc6 37. Bd4 Kg8 38. Rf1 Rc8 39. Rfd1 Rb8 40. Be3 Rbd8
41. Bb6 Rb8 42. Rxd5 Rxd5 43. Rxd5 Rxb6 44. Rd2 Kf8 45. Kg2 e3 46. Re2 Rb5 47.
Kf3 Rd5 48. Rxe3 Rd2 49. Re2 Rd3+ 50. Kg2 Ke7 51. g4 Ke6 52. Kh2 a5 53. Kg2 a4
54. Kh2 h6 55. Kg2 Ke7 56. Re4 Rd2+ 57. Kf3 Rd3+ 58. Re3 Rd2 59. Re2 Ke6 60. Ke4
Rxb2 61. Re3 1/2-1/2

[Event "Druzynowe Mistrzostwa Polski Juniorow 2018 - II Liga"]
[Site "Szczyrk"]
[Date "1899-12-30"]
[Round "8.66"]
[White "Pawlowska, Emilia"]
[Black "Jedrzejewska, Zuzanna"]
[Result "1-0"]
[WhiteTitle "II"]
[BlackTitle "I"]
[WhiteElo "1225"]
[BlackElo "1242"]

1. e4 c5 2. Nf3 d6 3. Bb5+ Bd7 4. Bxd7+ Nxd7 5. O-O Ngf6 6. Re1 e5 7. c3 Be7 8.
d4 cxd4 9. cxd4 O-O 10. Nc3 a6 11. Bg5 h6 12. Bh4 b5 13. a3 Rc8 14. Qd2 Re8 15.
Rad1 Qc7 16. Bxf6 Nxf6 17. Nd5 Nxd5 18. exd5 Bf6 19. dxe5 Bxe5 20. Nxe5 dxe5 21.
d6 Qd7 22. Qd5 Rc2 23. Rxe5 Rxb2 24. Rxe8+ Qxe8 25. d7 Qd8 26. Qe5 Ra2 27. Qe8+
Qxe8 28. Qdxe8+ Kh7 29. g3 Rxa3 30. Rd7 Ra4 31. Qxf7 Rg4 32. Ra7 b4 33. Rxa6 b3
34. Qf5+ Rg6 35. Qxg6+ Kg8 36. Ra8# 1-0

[Event "Druzynowe Mistrzostwa Polski Juniorow 2018 - II Liga"]
[Site "Szczyrk"]
[Date "1899-12-30"]
[Round "8.67"]
[White "Kawaler, Adam"]
[Black "Krawczyk, Flawian"]
[Result "0-1"]
[WhiteTitle "I"]
[BlackTitle "II"]
[WhiteElo "1811"]
[BlackElo "1425"]

1. Nf3 Nf6 2. g3 g6 3. Bg2 Bg7 4. O-O O-O 5. d3 d6 6. Nbd2 e5 7. e4 Nc6 8. c3 Nh5
9. h3 Bd7 10. Nc4 Qe7 11. Ne3 Nf6 12. Qc2 Nd8 13. b3 Ne6 14. d4 exd4 15. cxd4
c5 16. e5 Ne8 17. d5 Nd4 18. Nxd4 cxd4 19. exd6 Nxd6 20. Nc4 d3 21. Qxd3 Nxc4
22. bxc4 Bf5 23. Qb3 Bxa1 24. Ba3 Qe5 25. Bxf8 Rxf8 26. Qxb7 Bd3 27. Rd1 Be2 28.
Rb1 Bd4 29. Qb3 Qf5 30. d6 Bxf2+ 31. Kh2 Qd3 32. Qxd3 Bxd3 33. Rb2 Bc5 34. Rd2
Bf5 35. Rd5 Bf2 36. Rb5 Bd3 37. Bd5 Bb6 38. a4 Rd8 39. a5 Bd4 40. Rb3 Bf5 41.
g4 Be6 42. Rd3 Be5+ 0-1

[Event "Druzynowe Mistrzostwa Polski Juniorow 2018 - II Liga"]
[Site "Szczyrk"]
[Date "1899-12-30"]
[Round "8.68"]
[White "Kupiecki, Szymon"]
[Black "Mazurek, Bartosz"]
[Result "0-1"]
[WhiteTitle "I"]
[BlackTitle "I"]
[WhiteElo "1644"]
[BlackElo "1733"]

1. e4 c5 2. Nf3 d6 3. d4 cxd4 4. Nxd4 Nf6 5. Nc3 a6 6. Bc4 e6 7. Bb3 b5 8. O-O
Be7 9. Re1 O-O 10. f4 Qc7 11. Be3 Nc6 12. Bf2 Bb7 13. f5 Nxd4 14. Qxd4 e5 15.
Qd3 b4 16. Na4 Bc6 17. Rac1 Qb7 18. Nb6 Bxe4 19. Rxe4 Qxe4 20. Qxe4 Nxe4 21. Nxa8
Nxf2 22. Nc7 Ng4 23. Nxa6 Bg5 24. Rd1 Be3+ 25. Kf1 Bd4 26. Ke2 Ne3 27. Rd3 Nxg2
28. Rxd4 exd4 29. Kf3 Ne3 30. Kf4 Ra8 31. Nxb4 Ra5 32. Nc6 Rxf5+ 33. Kg3 Rc5 34.
Nxd4 Nd1 35. a4 Nxb2 36. Nb5 d5 37. Nd4 Nxa4 0-1

[Event "Druzynowe Mistrzostwa Polski Juniorow 2018 - II Liga"]
[Site "Szczyrk"]
[Date "1899-12-30"]
[Round "8.69"]
[White "Dahche, Abdel-azziz"]
[Black "Niedbala, Bartlomiej"]
[Result "0-1"]
[WhiteTitle "II"]
[BlackTitle "I++"]
[WhiteElo "1408"]
[BlackElo "2001"]

1. e4 g6 2. d4 Bg7 3. Bc4 d6 4. Nf3 Nf6 5. Nc3 O-O 6. h3 c6 7. Be3 b5 8. Bd3 Nbd7
9. Qd2 Nb6 10. b3 a5 11. g4 Re8 12. Nh4 b4 13. Ne2 e5 14. Ng3 exd4 15. Bxd4 c5
16. Be3 Nxe4 17. Bxe4 Bc3 18. Bxa8 Qxh4 19. Kd1 Bxd2 20. Bxd2 Nxa8 21. Rg1 Qxh3
22. Nh5 Bxg4+ 0-1

[Event "Druzynowe Mistrzostwa Polski Juniorow 2018 - II Liga"]
[Site "Szczyrk"]
[Date "1899-12-30"]
[Round "8.70"]
[White "Lichorad, Mateusz"]
[Black "Sleczka, Krzysztof"]
[Result "1-0"]
[WhiteTitle "I"]
[BlackTitle "II"]
[WhiteElo "1770"]
[BlackElo "1169"]

1. e4 e5 2. Nf3 Nc6 3. Bc4 Bc5 4. d3 Nf6 5. O-O d6 6. c3 Bg4 7. Bb3 Qd7 8. Nbd2
Bh5 9. Qe1 Rg8 10. Bd1 g5 11. b4 Bb6 12. Nc4 g4 13. Nh4 g3 14. hxg3 Ng4 15. Nxb6
axb6 16. a4 Qe6 17. Be3 d5 18. Nf5 Nxe3 19. Qxe3 Bg4 20. Bxg4 Rxg4 21. Qf3 Rg5
22. exd5 Qxf5 23. Qxf5 Rxf5 24. dxc6 bxc6 25. Rfd1 Ke7 26. Kf1 Ke6 27. Ke2 Kd5
28. Ke3 c5 29. Rh1 h5 30. Ra2 cxb4 31. cxb4 c6 32. Rha1 Rg5 33. a5 Rg4 34. Rb2
f5 35. Rh1 bxa5 36. bxa5 Rxa5 37. Rxh5 Ke6 38. Rc2 c5 39. Rb2 e4 40. Rb6+ Ke5
41. Rhh6 f4+ 42. gxf4+ 1-0

[Event "Druzynowe Mistrzostwa Polski Juniorow 2018 - II Liga"]
[Site "Szczyrk"]
[Date "1899-12-30"]
[Round "8.71"]
[White "Skiba, Aleksandra"]
[Black "Kulpa, Zuzanna"]
[Result "0-1"]
[WhiteTitle "I+"]
[BlackTitle "I++"]
[WhiteElo "1659"]
[BlackElo "1818"]

1. e4 e5 2. Nf3 Nc6 3. Bb5 a6 4. Bxc6 dxc6 5. O-O Bg4 6. h3 h5 7. d3 Qf6 8. Nbd2
Ne7 9. d4 exd4 10. e5 Qg6 11. hxg4 hxg4 12. Ne4 Qh7 13. Nh4 Qxh4 14. f4 g3 15.
Nxg3 Qxg3 16. Rf3 Qh2+ 17. Kf2 Nf5 18. Qd3 Be7 19. Qxf5 Bh4+ 0-1

[Event "Druzynowe Mistrzostwa Polski Juniorow 2018 - II Liga"]
[Site "Szczyrk"]
[Date "1899-12-30"]
[Round "8.72"]
[White "Kulpa, Karolina"]
[Black "Lupinska, Kinga"]
[Result "1-0"]
[WhiteTitle "I"]
[BlackTitle "II+"]
[WhiteElo "1323"]
[BlackElo "1102"]

1. e4 e5 2. Nf3 Nc6 3. Bb5 a6 4. Ba4 b5 5. Bb3 Nf6 6. O-O Be7 7. Re1 O-O 8. c3
Bb7 9. d4 d6 10. Nbd2 Qd7 11. Nf1 Rad8 12. Ng3 h6 13. Nf5 Rfe8 14. N3h4 Na5 15.
Bc2 Nc6 16. d5 Nb8 17. Qf3 c6 18. Qg3 Bf8 19. Bxh6 cxd5 20. Nxg7 Re7 21. Nh5+
Kh8 22. Nxf6 1-0